| 000 | 00522nam a2200181Ia 4500 | ||
|---|---|---|---|
| 005 | 20250326123932.0 | ||
| 008 | 250326s9999 xx 000 0 und d | ||
| 037 | _aTextbook | ||
| 040 |
_aFMSL _beng _cFMSL |
||
| 041 |
_aeng _2eng |
||
| 084 |
_aT(X:8) K7 _qFMSL |
||
| 100 |
_aKnudson H R _9736434 |
||
| 245 | 0 |
_aOrganizational behavior: cases for developing nations _cKnudson H R |
|
| 260 |
_aLondon _bLondon, Addison-Wesley _c1967 |
||
| 300 | _a189p | ||
| 942 |
_cTB _hT(X:8) K7 |
||
| 999 |
_c1271555 _d1271555 |
||